header

Greater Mekong subregion cross-border transport facilitation agreement : (Record no. 6128)

MARC details
000 -LEADER
fixed length control field 01636nam a2200361 i 4500
001 - CONTROL NUMBER
control field ebr10944659
003 - CONTROL NUMBER IDENTIFIER
control field CaPaEBR
006 - FIXED-LENGTH DATA ELEMENTS--ADDITIONAL MATERIAL CHARACTERISTICS--GENERAL INFORMATION
fixed length control field m o d
007 - PHYSICAL DESCRIPTION FIXED FIELD--GENERAL INFORMATION
fixed length control field cr cn|||||||||
008 - FIXED-LENGTH DATA ELEMENTS--GENERAL INFORMATION
fixed length control field 141008t20112011ph ab o 001 0 eng d
020 ## - INTERNATIONAL STANDARD BOOK NUMBER
Cancelled/invalid ISBN 9789290923428
040 ## - CATALOGING SOURCE
Original cataloging agency CaPaEBR
Language of cataloging eng
Description conventions rda
-- pn
Transcribing agency CaPaEBR
035 ## - SYSTEM CONTROL NUMBER
System control number (OCoLC)893684694
043 ## - GEOGRAPHIC AREA CODE
Geographic area code as-----
050 14 - LIBRARY OF CONGRESS CALL NUMBER
Classification number KNC861
Item number .G743 2011eb
082 04 - DEWEY DECIMAL CLASSIFICATION NUMBER
Classification number 343.093
Edition number 23
245 00 - TITLE STATEMENT
Title Greater Mekong subregion cross-border transport facilitation agreement :
Remainder of title instruments and drafting history.
264 #1 - PRODUCTION, PUBLICATION, DISTRIBUTION, MANUFACTURE, AND COPYRIGHT NOTICE
Place of production, publication, distribution, manufacture Manila, Philippines :
Name of producer, publisher, distributor, manufacturer Asian Development Bank,
Date of production, publication, distribution, manufacture, or copyright notice 2011.
Date of production, publication, distribution, manufacture, or copyright notice �2011
300 ## - PHYSICAL DESCRIPTION
Extent 1 online resource (304 pages) :
Other physical details illustrations (some color), maps
336 ## - CONTENT TYPE
Content type term text
Source rdacontent
337 ## - MEDIA TYPE
Media type term computer
Source rdamedia
338 ## - CARRIER TYPE
Carrier type term online resource
Source rdacarrier
500 ## - GENERAL NOTE
General note Includes index.
588 ## - SOURCE OF DESCRIPTION NOTE
Source of description note Description based on print version record.
590 ## - LOCAL NOTE (RLIN)
Local note Electronic reproduction. Palo Alto, Calif. : ebrary, 2014. Available via World Wide Web. Access may be limited to ebrary affiliated libraries.
650 #0 - SUBJECT ADDED ENTRY--TOPICAL TERM
Topical term or geographic name as entry element Transportation
General subdivision Law and legislation
Geographic subdivision Southeast Asia.
Topical term or geographic name as entry element Carriers
General subdivision Law and legislation
Geographic subdivision Southeast Asia.
655 #0 - INDEX TERM--GENRE/FORM
Genre/form data or focus term Electronic books.
776 08 - ADDITIONAL PHYSICAL FORM ENTRY
Display text Print version:
Title Greater Mekong subregion cross-border transport facilitation agreement : instruments and drafting history.
Place, publisher, and date of publication Manila, Philippines : Asian Development Bank, c2011
Physical description viii, 295 pages
International Standard Book Number 9789290923428
Record control number 2012325043
797 2# - LOCAL ADDED ENTRY--CORPORATE NAME (RLIN)
Corporate name or jurisdiction name as entry element ebrary.
856 40 - ELECTRONIC LOCATION AND ACCESS
Uniform Resource Identifier <a href="http://site.ebrary.com/lib/rucke/Doc?id=10944659">http://site.ebrary.com/lib/rucke/Doc?id=10944659</a>
Public note An electronic book accessible through the World Wide Web; click to view

No items available.

© 2026 Rongo University
Contact us: librarian | system librarian | Rongo university